| 000 | 00480 a2200181 4500 | ||
|---|---|---|---|
| 020 | _a0394584430 | ||
| 040 |
_aDLC _bDLC |
||
| 082 | _a303.490905 | ||
| 082 | _a303.490905 | ||
| 100 | 1 | _aKennedy, Paul M. | |
| 245 | 0 | 0 |
_aPreparing for the twenty-first century _cPaul Kennedy |
| 250 | _a1. ed. | ||
| 260 |
_aNew York, N.Y. : _bRandom House, _c1993 |
||
| 300 |
_axvi, 428 s. : _bdiagr., tab. |
||
| 650 | 0 | _aTwenty-first century | |
| 655 | 4 | _aBok | |
| 942 |
_cBK _k303.490905 KEN _2ddc |
||
| 999 |
_c7161 _d7161 |
||